000 00328nam a2200145Ia 4500
008 151213s9999 xx 000 0 und d
100 _aB. R. Mullik
245 _aByron
_cB. R. Mullik
250 _a4th
260 _aDelhi
_bS. Chand
_c1971
300 _a1863 p.
650 _aEnglish
700 _aB. R. Mullik
999 _c1368
_d1368